00471nam a22001577a 450000500170000001000150001702000260003203500140005803700130007208200060008510000160009124500480010726000580015527000790021330000210029220220411160534.0 aENG-132263 a9789391317515c250.00 aEN-115795 bDBAD/PUB aN aSathish, T. aLong Run:bA Pradise Augmented/cT. Sathish aNoidabJitendra Anand Infratech Private Limitedc2021 bNoidaa2203, Express Trade Towers-2, Sector-132e201304mjaipl3e@gmail.com a177p.c21cm(pbk)